000 01042nam a22002537a 4500
005 20240530110432.0
008 150402s2011 ua od a 000 0 ara d
017 _a2010/23531
_bمصر . دار الكتب المصرية
020 _a9789774557100
040 _aEG-CaGPL
082 0 4 _221
_a530
_bط/ر أ
100 1 _aريلى ، بيتر
_qبيتر ريلى
245 1 2 _aالضوء و الابصار /
_cتاليف بيتر ريلى ؛ ترجمة قسم الترجمة بدار الفاروق للاستثمارات الثقافية
250 _aط1
260 _aالقاهرة :
_bدار الفاروق للاستثمارات الثقافية ،
_c2011 .
300 _a31 ص :
_bايض ؛
_c28 سم
490 0 _aاساسيات العلوم
650 0 4 _aالضوء
650 0 4 _aانتقال الضوء
650 0 4 _aانعكاس الضوء
710 2 _a قسم الترجمة بدار الفاروق للاستثمارات الثقافي
_eمترجم
942 _2ddc
_cBK
999 _c60879
_d60879